Copy editing (Record no. 38064)

MARC details
000 -LEADER
fixed length control field 00317nam a2200133Ia 4500
082 ## - DEWEY DECIMAL CLASSIFICATION NUMBER
Classification number 070.41
Item number BUT
100 ## - MAIN ENTRY--AUTHOR NAME
Personal name Butcher, Judith
245 #0 - TITLE STATEMENT
Title Copy editing
250 ## - EDITION STATEMENT
Edition statement Ed.2
260 ## - PUBLICATION, DISTRIBUTION, ETC. (IMPRINT)
Place of publication London
Name of publisher Cambridge University
Year of publication 1983
650 ## - SUBJECT ADDED ENTRY--TOPICAL TERM
Topical Term Copy editing
942 ## - ADDED ENTRY ELEMENTS (KOHA)
Koha item type Books
Holdings
Withdrawn status Lost status Damaged status Not for loan Home library Current library Date acquired Cost, normal purchase price Full call number Accession Number Koha item type
        RRII Library RRII Library 16/12/2021 12.50 070.41 BUT 18431 Books